[Event "Hennebont Grand Prix"]
[Site "Hennebont"]
[Date "2006.08.05"]
[Round "2"]
[White "Selo, Tony"]
[Black "Childs, Barry B"]
[Result "1-0"]
[WhiteElo "1650"]
[BlackElo "1570"]
[PlyCount "41"]
[EventDate "2006.08.05"]
[EventType "swiss"]
[EventRounds "7"]
[EventCountry "FRA"]
[SourceTitle "EXT 2007"]
[Source "ChessBase"]
[SourceDate "2006.11.23"]
[SourceVersion "1"]
[SourceVersionDate "2006.11.23"]
[SourceQuality "1"]

1. e4 d6 2. b3 Nf6 3. d3 g6 4. Bb2 Bg7 5. Nf3 0-0 6. c4 Bg4 7. h3 Bxf3 8. Qxf3 c6 9. g4 h6 10. Nd2 Nbd7 11. h4 Nh7 12. Bxg7 Kxg7 13. Qg3 c5 14. f4 f6 15. f5 g5 16. hxg5 fxg5 17. Nf3 Qa5+ 18. Ke2 Qc3 19. Bh3 Nhf6 20. Qe1 Ne5 21. Qxc3 1-0